000 00701nam a2200289Ia 4500
005 20260324130400.0
008 008 260324s9999 xx 000 0 eng d
020 _a9781003076117
037 _aEBOOK
040 _aCRL
040 _beng
040 _cCRL
041 _2eng
041 _aeng
084 _qCRL
100 _aPhilip Kinsella
_91181546
245 0 _aCognitive Behavioural Therapy for Chronic Fatigue Syndrome
245 2 _bA Guide for Clinicians
260 _bTaylor and Francis
260 _c2007
365 _a
365 _b195
856 _uhttp://www.taylorfrancis.com/books/9781003076117
942 _cEBOOK
999 _c1777697
_d1777697